Ecas : (Record no. 6834)

MARC details
000 -LEADER
fixed length control field 00637nam a22001817a 4500
003 - CONTROL NUMBER IDENTIFIER
control field OSt
005 - DATE AND TIME OF LATEST TRANSACTION
control field 20251204071359.0
008 - FIXED-LENGTH DATA ELEMENTS--GENERAL INFORMATION
fixed length control field 251204b |||||||| |||| 00| 0 eng d
020 ## - INTERNATIONAL STANDARD BOOK NUMBER
International Standard Book Number 978-971-06-5523-6
040 ## - CATALOGING SOURCE
Original cataloging agency DWCL - Main Library
Transcribing agency OC
082 ## - DEWEY DECIMAL CLASSIFICATION NUMBER
Edition number 9th
Classification number Res. 910 L313e 2022
100 ## - MAIN ENTRY--PERSONAL NAME
Personal name Lapid, Milagros G.
245 ## - TITLE STATEMENT
Title Ecas :
Remainder of title english communication arts and skills through world literature 10 /
Statement of responsibility, etc. Milagros G. Lapid
260 ## - PUBLICATION, DISTRIBUTION, ETC.
Place of publication, distribution, etc. Quezon City, Philippines :
Name of publisher, distributor, etc. Phoenix publishing House,
Date of publication, distribution, etc. c2022
300 ## - PHYSICAL DESCRIPTION
Extent xvi, 410 pages :
Other physical details illustrations ;
Dimensions 25 cm.
650 ## - SUBJECT ADDED ENTRY--TOPICAL TERM
Topical term or geographic name entry element 1. Philippine literature
942 ## - ADDED ENTRY ELEMENTS (KOHA)
Source of classification or shelving scheme Dewey Decimal Classification
Koha item type Book- Reserved
Edition 9th
Call number suffix Res.
Suppress in OPAC No
952 ## - LOCATION AND ITEM INFORMATION (KOHA)
--
952 ## - LOCATION AND ITEM INFORMATION (KOHA)
--
952 ## - LOCATION AND ITEM INFORMATION (KOHA)
--
Holdings
Withdrawn status Lost status Source of classification or shelving scheme Damaged status Not for loan Home library Current library Shelving location Date acquired Source of acquisition Total Checkouts Full call number Barcode Date last seen Copy number Price effective from Koha item type Uniform Resource Identifier
    Dewey Decimal Classification     Junior High School Library Junior High School Library Reserved 09/12/2022 Library Fund   Res. 910 L313e 2022 JHS - 20984 12/04/2025 c3 12/04/2025 BK-0 CIRC
    Dewey Decimal Classification     Junior High School Library Junior High School Library Reserved 09/12/2022 Library Fund   Res. 910 L313e 2022 JHS - 20983 12/04/2025 c2 12/04/2025 BK-0 CIRC
    Dewey Decimal Classification     Junior High School Library Junior High School Library Reserved 09/12/2022 Library Fund   Res. 910 L313e 2022 JHS - 20982 12/04/2025 c1 12/04/2025 BK-0 CIRC